<?xml version="1.0" encoding="UTF-8"?>
<marc:record xmlns:marc="http://www.loc.gov/MARC21/slim" type="Bibliographic">
   <marc:leader>00000pim a2200000 c 4500</marc:leader>
   <marc:controlfield tag="001">1097769054</marc:controlfield>
   <marc:controlfield tag="003">DE-101</marc:controlfield>
   <marc:controlfield tag="005">20171208122954.0</marc:controlfield>
   <marc:controlfield tag="007">sd||||||||||||</marc:controlfield>
   <marc:controlfield tag="007">co||||||||||||</marc:controlfield>
   <marc:controlfield tag="008">160422s2016    gw |||||q|||||||||||ger  </marc:controlfield>
   <marc:datafield ind1=" " ind2=" " tag="015">
      <marc:subfield code="a">17,A09</marc:subfield>
      <marc:subfield code="z">16,N17</marc:subfield>
      <marc:subfield code="2">dnb</marc:subfield>
   </marc:datafield>
   <marc:datafield ind1="7" ind2=" " tag="016">
      <marc:subfield code="2">DE-101</marc:subfield>
      <marc:subfield code="a">1097769054</marc:subfield>
   </marc:datafield>
   <marc:datafield ind1=" " ind2=" " tag="020">
      <marc:subfield code="a">9783867427999</marc:subfield>
      <marc:subfield code="c">: EUR 14.60 (AT) (freier Preis), sfr 17.90 (freier Preis), EUR 12.99 (DE) (freier Preis)</marc:subfield>
      <marc:subfield code="9">978-3-86742-799-9</marc:subfield>
   </marc:datafield>
   <marc:datafield ind1=" " ind2=" " tag="020">
      <marc:subfield code="a">3867427992</marc:subfield>
      <marc:subfield code="9">3-86742-799-2</marc:subfield>
   </marc:datafield>
   <marc:datafield ind1="3" ind2=" " tag="024">
      <marc:subfield code="a">9783867427999</marc:subfield>
   </marc:datafield>
   <marc:datafield ind1=" " ind2=" " tag="035">
      <marc:subfield code="a">(DE-599)DNB1097769054</marc:subfield>
   </marc:datafield>
   <marc:datafield ind1=" " ind2=" " tag="035">
      <marc:subfield code="a">(OCoLC)948691397</marc:subfield>
   </marc:datafield>
   <marc:datafield ind1=" " ind2=" " tag="040">
      <marc:subfield code="a">1245</marc:subfield>
      <marc:subfield code="b">ger</marc:subfield>
      <marc:subfield code="c">DE-101</marc:subfield>
      <marc:subfield code="d">1166</marc:subfield>
      <marc:subfield code="e">rda</marc:subfield>
   </marc:datafield>
   <marc:datafield ind1=" " ind2=" " tag="041">
      <marc:subfield code="a">ger</marc:subfield>
      <marc:subfield code="h">eng</marc:subfield>
   </marc:datafield>
   <marc:datafield ind1=" " ind2=" " tag="044">
      <marc:subfield code="c">XA-DE-HH</marc:subfield>
   </marc:datafield>
   <marc:datafield ind1="7" ind2="4" tag="082">
      <marc:subfield code="a">K</marc:subfield>
      <marc:subfield code="q">DE-101</marc:subfield>
      <marc:subfield code="2">23sdnb</marc:subfield>
   </marc:datafield>
   <marc:datafield ind1="1" ind2=" " tag="100">
      <marc:subfield code="0">(DE-588)132602040</marc:subfield>
      <marc:subfield code="0">http://d-nb.info/gnd/132602040</marc:subfield>
      <marc:subfield code="0">(DE-101)132602040</marc:subfield>
      <marc:subfield code="a">Green, John</marc:subfield>
      <marc:subfield code="d">1977-</marc:subfield>
      <marc:subfield code="e">Verfasser</marc:subfield>
      <marc:subfield code="4">aut</marc:subfield>
   </marc:datafield>
   <marc:datafield ind1="1" ind2="0" tag="240">
      <marc:subfield code="a">&#x98;An&#x9c; abundance of Katherines</marc:subfield>
   </marc:datafield>
   <marc:datafield ind1="0" ind2="0" tag="245">
      <marc:subfield code="a">&#x98;Die&#x9c; erste Liebe</marc:subfield>
      <marc:subfield code="b">(nach 19 vergeblichen Versuchen)</marc:subfield>
      <marc:subfield code="c">John Green ; gelesen von Andreas Fröhlich ; aus dem Amerikanischen von Sophie Zeitz</marc:subfield>
   </marc:datafield>
   <marc:datafield ind1=" " ind2=" " tag="250">
      <marc:subfield code="a">Gekürzte Lesung, [1. Auflage]</marc:subfield>
   </marc:datafield>
   <marc:datafield ind1=" " ind2=" " tag="259">
      <marc:subfield code="a">11</marc:subfield>
   </marc:datafield>
   <marc:datafield ind1=" " ind2="1" tag="264">
      <marc:subfield code="a">Hamburg</marc:subfield>
      <marc:subfield code="b">Hörbuch Hamburg HHV GmbH</marc:subfield>
      <marc:subfield code="c">[2016]</marc:subfield>
   </marc:datafield>
   <marc:datafield ind1=" " ind2=" " tag="300">
      <marc:subfield code="a">4 CDs</marc:subfield>
   </marc:datafield>
   <marc:datafield ind1=" " ind2=" " tag="336">
      <marc:subfield code="a">gesprochenes Wort</marc:subfield>
      <marc:subfield code="b">spw</marc:subfield>
      <marc:subfield code="2">rdacontent</marc:subfield>
   </marc:datafield>
   <marc:datafield ind1=" " ind2=" " tag="337">
      <marc:subfield code="a">audio</marc:subfield>
      <marc:subfield code="b">s</marc:subfield>
      <marc:subfield code="2">rdamedia</marc:subfield>
   </marc:datafield>
   <marc:datafield ind1=" " ind2=" " tag="338">
      <marc:subfield code="a">Audiodisk</marc:subfield>
      <marc:subfield code="b">sd</marc:subfield>
      <marc:subfield code="2">rdacarrier</marc:subfield>
   </marc:datafield>
   <marc:datafield ind1=" " ind2=" " tag="385">
      <marc:subfield code="0">(DE-588)4028859-6</marc:subfield>
      <marc:subfield code="0">http://d-nb.info/gnd/4028859-6</marc:subfield>
      <marc:subfield code="0">(DE-101)040288595</marc:subfield>
      <marc:subfield code="a">Jugend</marc:subfield>
      <marc:subfield code="2">gnd</marc:subfield>
   </marc:datafield>
   <marc:datafield ind1="0" ind2=" " tag="490">
      <marc:subfield code="a">Silberfisch</marc:subfield>
   </marc:datafield>
   <marc:datafield ind1=" " ind2="7" tag="650">
      <marc:subfield code="0">(DE-588)4290802-4</marc:subfield>
      <marc:subfield code="0">http://d-nb.info/gnd/4290802-4</marc:subfield>
      <marc:subfield code="0">(DE-101)042908027</marc:subfield>
      <marc:subfield code="a">Männliche Jugend</marc:subfield>
      <marc:subfield code="2">gnd</marc:subfield>
   </marc:datafield>
   <marc:datafield ind1=" " ind2="7" tag="650">
      <marc:subfield code="0">(DE-588)4128223-1</marc:subfield>
      <marc:subfield code="0">http://d-nb.info/gnd/4128223-1</marc:subfield>
      <marc:subfield code="0">(DE-101)04128223X</marc:subfield>
      <marc:subfield code="a">Hochbegabung</marc:subfield>
      <marc:subfield code="2">gnd</marc:subfield>
   </marc:datafield>
   <marc:datafield ind1=" " ind2="7" tag="650">
      <marc:subfield code="0">(DE-588)4134557-5</marc:subfield>
      <marc:subfield code="0">http://d-nb.info/gnd/4134557-5</marc:subfield>
      <marc:subfield code="0">(DE-101)041345576</marc:subfield>
      <marc:subfield code="a">Außenseiter</marc:subfield>
      <marc:subfield code="2">gnd</marc:subfield>
   </marc:datafield>
   <marc:datafield ind1=" " ind2="7" tag="650">
      <marc:subfield code="0">(DE-588)4345692-3</marc:subfield>
      <marc:subfield code="0">http://d-nb.info/gnd/4345692-3</marc:subfield>
      <marc:subfield code="0">(DE-101)941690172</marc:subfield>
      <marc:subfield code="a">Freund</marc:subfield>
      <marc:subfield code="2">gnd</marc:subfield>
   </marc:datafield>
   <marc:datafield ind1=" " ind2="7" tag="650">
      <marc:subfield code="0">(DE-588)4049275-8</marc:subfield>
      <marc:subfield code="0">http://d-nb.info/gnd/4049275-8</marc:subfield>
      <marc:subfield code="0">(DE-101)040492753</marc:subfield>
      <marc:subfield code="a">Reise</marc:subfield>
      <marc:subfield code="2">gnd</marc:subfield>
   </marc:datafield>
   <marc:datafield ind1=" " ind2="7" tag="650">
      <marc:subfield code="0">(DE-588)4308639-1</marc:subfield>
      <marc:subfield code="0">http://d-nb.info/gnd/4308639-1</marc:subfield>
      <marc:subfield code="0">(DE-101)04308639X</marc:subfield>
      <marc:subfield code="a">Erste Liebe</marc:subfield>
      <marc:subfield code="2">gnd</marc:subfield>
   </marc:datafield>
   <marc:datafield ind1=" " ind2="7" tag="650">
      <marc:subfield code="0">(DE-588)4123409-1</marc:subfield>
      <marc:subfield code="0">http://d-nb.info/gnd/4123409-1</marc:subfield>
      <marc:subfield code="0">(DE-101)04123409X</marc:subfield>
      <marc:subfield code="a">Identitätsfindung</marc:subfield>
      <marc:subfield code="2">gnd</marc:subfield>
   </marc:datafield>
   <marc:datafield ind1=" " ind2=" " tag="653">
      <marc:subfield code="a">(Produktform)CD-Audio</marc:subfield>
   </marc:datafield>
   <marc:datafield ind1=" " ind2=" " tag="653">
      <marc:subfield code="a">(Zielgruppe)ab 12 Jahre</marc:subfield>
   </marc:datafield>
   <marc:datafield ind1=" " ind2=" " tag="653">
      <marc:subfield code="a">(BISAC Subject Heading)JUV000000</marc:subfield>
   </marc:datafield>
   <marc:datafield ind1=" " ind2=" " tag="653">
      <marc:subfield code="a">(Produktform (spezifisch))CD standard audio format</marc:subfield>
   </marc:datafield>
   <marc:datafield ind1=" " ind2=" " tag="653">
      <marc:subfield code="a">Das Schicksal ist ein mieser Verräter</marc:subfield>
   </marc:datafield>
   <marc:datafield ind1=" " ind2=" " tag="653">
      <marc:subfield code="a">Hörbuch</marc:subfield>
   </marc:datafield>
   <marc:datafield ind1=" " ind2=" " tag="653">
      <marc:subfield code="a">Hörbuch für Jugendliche</marc:subfield>
   </marc:datafield>
   <marc:datafield ind1=" " ind2=" " tag="653">
      <marc:subfield code="a">Jugendbuch</marc:subfield>
   </marc:datafield>
   <marc:datafield ind1=" " ind2=" " tag="653">
      <marc:subfield code="a">Liebe</marc:subfield>
   </marc:datafield>
   <marc:datafield ind1=" " ind2=" " tag="653">
      <marc:subfield code="a">Liebesgeschichte</marc:subfield>
   </marc:datafield>
   <marc:datafield ind1=" " ind2=" " tag="653">
      <marc:subfield code="a">Roadtrip</marc:subfield>
   </marc:datafield>
   <marc:datafield ind1=" " ind2=" " tag="653">
      <marc:subfield code="a">Roman Liebe</marc:subfield>
   </marc:datafield>
   <marc:datafield ind1=" " ind2=" " tag="653">
      <marc:subfield code="a">(VLB-WN)5260: Audio-CD, Kassette / Kinder- und Jugendbücher/Jugendbücher ab 12 Jahre</marc:subfield>
   </marc:datafield>
   <marc:datafield ind1=" " ind2="7" tag="655">
      <marc:subfield code="0">(DE-588)4522869-3</marc:subfield>
      <marc:subfield code="0">http://d-nb.info/gnd/4522869-3</marc:subfield>
      <marc:subfield code="0">(DE-101)955174880</marc:subfield>
      <marc:subfield code="a">CD</marc:subfield>
      <marc:subfield code="2">gnd-carrier</marc:subfield>
   </marc:datafield>
   <marc:datafield ind1=" " ind2="7" tag="655">
      <marc:subfield code="0">(DE-588)4329497-2</marc:subfield>
      <marc:subfield code="0">http://d-nb.info/gnd/4329497-2</marc:subfield>
      <marc:subfield code="0">(DE-101)940089343</marc:subfield>
      <marc:subfield code="a">Hörbuch</marc:subfield>
      <marc:subfield code="2">gnd-content</marc:subfield>
   </marc:datafield>
   <marc:datafield ind1=" " ind2="7" tag="655">
      <marc:subfield code="0">(DE-588)4306252-0</marc:subfield>
      <marc:subfield code="0">http://d-nb.info/gnd/4306252-0</marc:subfield>
      <marc:subfield code="0">(DE-101)043062520</marc:subfield>
      <marc:subfield code="a">Jugendbuch</marc:subfield>
      <marc:subfield code="2">gnd-content</marc:subfield>
   </marc:datafield>
   <marc:datafield ind1=" " ind2="7" tag="655">
      <marc:subfield code="0">(DE-101)101071841X</marc:subfield>
      <marc:subfield code="a">Jugendbücher ab 12 Jahre</marc:subfield>
      <marc:subfield code="2">gatbeg</marc:subfield>
   </marc:datafield>
   <marc:datafield ind1="0" ind2="0" tag="689">
      <marc:subfield code="0">(DE-588)4290802-4</marc:subfield>
      <marc:subfield code="0">http://d-nb.info/gnd/4290802-4</marc:subfield>
      <marc:subfield code="0">(DE-101)042908027</marc:subfield>
      <marc:subfield code="D">s</marc:subfield>
      <marc:subfield code="a">Männliche Jugend</marc:subfield>
   </marc:datafield>
   <marc:datafield ind1="0" ind2="1" tag="689">
      <marc:subfield code="0">(DE-588)4128223-1</marc:subfield>
      <marc:subfield code="0">http://d-nb.info/gnd/4128223-1</marc:subfield>
      <marc:subfield code="0">(DE-101)04128223X</marc:subfield>
      <marc:subfield code="D">s</marc:subfield>
      <marc:subfield code="a">Hochbegabung</marc:subfield>
   </marc:datafield>
   <marc:datafield ind1="0" ind2="2" tag="689">
      <marc:subfield code="0">(DE-588)4134557-5</marc:subfield>
      <marc:subfield code="0">http://d-nb.info/gnd/4134557-5</marc:subfield>
      <marc:subfield code="0">(DE-101)041345576</marc:subfield>
      <marc:subfield code="D">s</marc:subfield>
      <marc:subfield code="a">Außenseiter</marc:subfield>
   </marc:datafield>
   <marc:datafield ind1="0" ind2="3" tag="689">
      <marc:subfield code="0">(DE-588)4345692-3</marc:subfield>
      <marc:subfield code="0">http://d-nb.info/gnd/4345692-3</marc:subfield>
      <marc:subfield code="0">(DE-101)941690172</marc:subfield>
      <marc:subfield code="D">s</marc:subfield>
      <marc:subfield code="a">Freund</marc:subfield>
   </marc:datafield>
   <marc:datafield ind1="0" ind2="4" tag="689">
      <marc:subfield code="0">(DE-588)4049275-8</marc:subfield>
      <marc:subfield code="0">http://d-nb.info/gnd/4049275-8</marc:subfield>
      <marc:subfield code="0">(DE-101)040492753</marc:subfield>
      <marc:subfield code="D">s</marc:subfield>
      <marc:subfield code="a">Reise</marc:subfield>
   </marc:datafield>
   <marc:datafield ind1="0" ind2="5" tag="689">
      <marc:subfield code="0">(DE-588)4308639-1</marc:subfield>
      <marc:subfield code="0">http://d-nb.info/gnd/4308639-1</marc:subfield>
      <marc:subfield code="0">(DE-101)04308639X</marc:subfield>
      <marc:subfield code="D">s</marc:subfield>
      <marc:subfield code="a">Erste Liebe</marc:subfield>
   </marc:datafield>
   <marc:datafield ind1="0" ind2="6" tag="689">
      <marc:subfield code="0">(DE-588)4123409-1</marc:subfield>
      <marc:subfield code="0">http://d-nb.info/gnd/4123409-1</marc:subfield>
      <marc:subfield code="0">(DE-101)04123409X</marc:subfield>
      <marc:subfield code="D">s</marc:subfield>
      <marc:subfield code="a">Identitätsfindung</marc:subfield>
   </marc:datafield>
   <marc:datafield ind1="0" ind2=" " tag="689">
      <marc:subfield code="5">DE-101</marc:subfield>
      <marc:subfield code="5">DE-101</marc:subfield>
   </marc:datafield>
   <marc:datafield ind1="1" ind2=" " tag="700">
      <marc:subfield code="0">(DE-588)123624959</marc:subfield>
      <marc:subfield code="0">http://d-nb.info/gnd/123624959</marc:subfield>
      <marc:subfield code="0">(DE-101)123624959</marc:subfield>
      <marc:subfield code="a">Fröhlich, Andreas</marc:subfield>
      <marc:subfield code="d">1965-</marc:subfield>
      <marc:subfield code="e">Erzähler</marc:subfield>
      <marc:subfield code="4">nrt</marc:subfield>
   </marc:datafield>
   <marc:datafield ind1="1" ind2=" " tag="700">
      <marc:subfield code="0">(DE-588)130166324</marc:subfield>
      <marc:subfield code="0">http://d-nb.info/gnd/130166324</marc:subfield>
      <marc:subfield code="0">(DE-101)130166324</marc:subfield>
      <marc:subfield code="a">Zeitz, Sophie</marc:subfield>
      <marc:subfield code="d">1972-</marc:subfield>
      <marc:subfield code="e">Übersetzer</marc:subfield>
      <marc:subfield code="4">trl</marc:subfield>
   </marc:datafield>
   <marc:datafield ind1="2" ind2=" " tag="710">
      <marc:subfield code="0">(DE-588)1064299814</marc:subfield>
      <marc:subfield code="0">http://d-nb.info/gnd/1064299814</marc:subfield>
      <marc:subfield code="0">(DE-101)1064299814</marc:subfield>
      <marc:subfield code="a">Silberfisch Hörbuch Hamburg</marc:subfield>
      <marc:subfield code="e">Verlag</marc:subfield>
      <marc:subfield code="4">pbl</marc:subfield>
   </marc:datafield>
   <marc:datafield ind1="0" ind2="8" tag="775">
      <marc:subfield code="i">Digitale Übertragung</marc:subfield>
      <marc:subfield code="a">Green, John, 1977-</marc:subfield>
      <marc:subfield code="t">&#x98;Die&#x9c; erste Liebe</marc:subfield>
      <marc:subfield code="d">Leipzig ; Frankfurt am Main : Deutsche Nationalbibliothek, 2017</marc:subfield>
      <marc:subfield code="h">1 Online-Ressource (4 CDs</marc:subfield>
      <marc:subfield code="w">(DE-101)1148150919</marc:subfield>
   </marc:datafield>
   <marc:datafield ind1="0" ind2="8" tag="776">
      <marc:subfield code="i">Erscheint auch als</marc:subfield>
      <marc:subfield code="z">9783844907995</marc:subfield>
   </marc:datafield>
   <marc:datafield ind1="0" ind2="8" tag="776">
      <marc:subfield code="i">Erscheint auch als</marc:subfield>
      <marc:subfield code="n">Tonträger-Ausgabe</marc:subfield>
      <marc:subfield code="z">9783867426664</marc:subfield>
   </marc:datafield>
   <marc:datafield ind1=" " ind2=" " tag="850">
      <marc:subfield code="a">DE-101a</marc:subfield>
      <marc:subfield code="a">DE-101b</marc:subfield>
   </marc:datafield>
   <marc:datafield ind1="4" ind2="2" tag="856">
      <marc:subfield code="m">X:MVB</marc:subfield>
      <marc:subfield code="q">text/html</marc:subfield>
      <marc:subfield code="u">http://deposit.dnb.de/cgi-bin/dokserv?id=1ca6eb9b56114652a58e7ee2a8097412&amp;prov=M&amp;dok_var=1&amp;dok_ext=htm</marc:subfield>
      <marc:subfield code="3">Inhaltstext</marc:subfield>
   </marc:datafield>
   <marc:datafield ind1="r" ind2=" " tag="925">
      <marc:subfield code="a">ra</marc:subfield>
   </marc:datafield>
   <marc:datafield ind1="1" ind2=" " tag="926">
      <marc:subfield code="a">YFB</marc:subfield>
      <marc:subfield code="o">93</marc:subfield>
      <marc:subfield code="q">Publisher</marc:subfield>
      <marc:subfield code="v">1.1</marc:subfield>
      <marc:subfield code="x">Kinder/Jugendliche: Gegenwartsliteratur</marc:subfield>
   </marc:datafield>
   <marc:datafield ind1="2" ind2=" " tag="926">
      <marc:subfield code="a">YFM</marc:subfield>
      <marc:subfield code="o">93</marc:subfield>
      <marc:subfield code="q">Publisher</marc:subfield>
      <marc:subfield code="v">1.1</marc:subfield>
      <marc:subfield code="x">Kinder/Jugendliche: Liebesromane, Freundschaftsromane</marc:subfield>
   </marc:datafield>
   <marc:datafield ind1="2" ind2=" " tag="926">
      <marc:subfield code="a">5AN</marc:subfield>
      <marc:subfield code="o">98</marc:subfield>
      <marc:subfield code="q">Publisher</marc:subfield>
      <marc:subfield code="v">1.1</marc:subfield>
      <marc:subfield code="x">empfohlenes Alter: ab 12 Jahre</marc:subfield>
   </marc:datafield>
</marc:record>
